000 00754cam a22002771 4500
001 21365
003 BD-RjUL
005 20211209000657.0
008 140304s1957 enk 000 0 eng d
035 _a(OCoLC)355598
035 _a(OCoLC)ocm00355598
035 _a(CStRLIN)NYCG86-B44960
035 _a(BD-RjUL)21429
035 _a(NNC)467958
040 _aIaU
_cIaU
_dNNC
_dBD-RjUL
_beng
041 _aeng
082 0 0 _a808.008
_bWAP 1957
100 1 _aWain, John.
_955418
245 1 0 _aPreliminary essays /
_c John Wain.
260 _aLondon :
_bMacMillan;
_aNew York :
_bSt. Martin's Press,
_c1957.
300 _a196 p. ;
_c23 cm.
650 0 _aEnglish literature.
_966042
942 _2ddc
_cBK
999 _c21365
_d21365